King Solomon's Mines
Una de las primeras novelas de aventura ubicada en África, la historia trata de un inglés llamado Henry Curtis quién desea llegar a las Minas del Rey Salomón, ya que su hermano se ha perdido tratando de llegar a las mismas para recaudar diamantes, en el camino se ven obligados a huir de las guerras...
Salvato in:
| Autore principale: | |
|---|---|
| Natura: | Libro |
| Lingua: | Undetermined |
| Pubblicazione: |
Londres, Inglaterra
Collins
1955
|
| Soggetti: | |
| Tags: |
Aggiungi Tag
Nessun Tag, puoi essere il primo ad aggiungerne!!
|
MARC
| LEADER | 00000nam a2200000Ia 4500 | ||
|---|---|---|---|
| 008 | 170316s9999 xx 000 0 und d | ||
| 040 | |a cru BVZT | ||
| 090 | |a 820 H-1k | ||
| 100 | |a Haggard, Henry Rider |9 1282 | ||
| 245 | |a King Solomon's Mines |c / Henry Rider Haggard | ||
| 260 | |a Londres, Inglaterra | ||
| 260 | |b Collins | ||
| 260 | |c 1955 | ||
| 300 | |a 256 páginas | ||
| 520 | |a Una de las primeras novelas de aventura ubicada en África, la historia trata de un inglés llamado Henry Curtis quién desea llegar a las Minas del Rey Salomón, ya que su hermano se ha perdido tratando de llegar a las mismas para recaudar diamantes, en el camino se ven obligados a huir de las guerras entre las tribus de la zona para sobrevivir. | ||
| 650 | |a LITERATURA INGLESA |9 12 | ||
| 650 | |a EN IDIOMA INGLÉS |9 129 | ||
| 650 | |a NOVELA DE AVENTURAS |9 1283 | ||
| 999 | |c 6936 |d 6936 | ||
| 942 | |c 15 D |h 820 H-1k |2 z | ||
